00546cam a2200193ua 45000010005000000080039000050200018000440400009000620410008000710820015000791000032000942450087001262500022002132600033002353000010002686530022002786530030003006530022003309653160314n ii |||gr||||Z||||||asm a9789382056034 cMAIN aasm a320.954162 aNath, Monoj Kumar,eAuthor.1 aAsomor rajnitit musolman : bbiswas, bastab aru sanghat / cby Monoj Kumar Nath .  aRev, Banalata ed. aDibrugarh:bBanalata,c2015. a336p. aPolitical science aMuslims in Assam politics aPolitics in Assam